000 00894pam a2200277 a 4500
999 _c4140
_d4140
003 OSt
005 20220318081153.0
008 870304s1987 enka b 001 0 eng c
020 _a0192615149 :
020 _a019261522X (pbk.) :
040 _cALUPE UNIVERSITY COLLEGE
050 1 0 _aRC111
_b.D55 1987
060 _aWC 100 D611
245 0 0 _aDiseases of infection :
_ban illustrated textbook /
_cNorman R. Grist ... [et al.].
260 _aOxford ;
_aNew York :
_bOxford University Press,
_c1987.
300 _axv, 455 p. :
_bill. (some col.) ;
_c25 cm.
440 0 _aOxford medical publications
500 _aIncludes index.
504 _aBibliography: p. 447-448.
650 0 _aCommunicable diseases.
650 0 _aInfection.
650 2 _aCommunicable Diseases.
700 1 _aGrist, N. R.
_q(Norman Roy)
906 _a7
_bcbc
_corignew
_d1
_eocip
_f19
_gy-gencatlg
942 _2lcc
_cBK
_nPW